Next generation wireless applications / (Record no. 175777)

000 -LEADER
fixed length control field 01397 a2200265 4500
003 - CONTROL NUMBER IDENTIFIER
control field Nust
005 - DATE AND TIME OF LATEST TRANSACTION
control field 20220818102150.0
010 ## - LIBRARY OF CONGRESS CONTROL NUMBER
LC control number 2007045746
020 ## - INTERNATIONAL STANDARD BOOK NUMBER
International Standard Book Number 0470725060 (cloth : alk. paper)
020 ## - INTERNATIONAL STANDARD BOOK NUMBER
International Standard Book Number 0470869860
035 ## - SYSTEM CONTROL NUMBER
System control number (OCoLC)180907993
035 ## - SYSTEM CONTROL NUMBER
System control number (OCoLC)ocn180907993
040 ## - CATALOGING SOURCE
Transcribing agency Nust
082 00 - DEWEY DECIMAL CLASSIFICATION NUMBER
Classification number 621.3822,GOL
100 1# - MAIN ENTRY--PERSONAL NAME
Personal name Golding, Paul,
9 (RLIN) 97925
245 10 - TITLE STATEMENT
Title Next generation wireless applications /
Statement of responsibility, etc. Paul Golding.
260 ## - PUBLICATION, DISTRIBUTION, ETC.
Place of publication, distribution, etc. Chichester, England ;
-- Hoboken, NJ :
Name of publisher, distributor, etc. J. Wiley & Sons,
Date of publication, distribution, etc. c2004.
300 ## - PHYSICAL DESCRIPTION
Extent xxvi, 563 p. :
Other physical details ill., maps ;
Dimensions 26 cm.
505 ## - FORMATTED CONTENTS NOTE
Formatted contents note Introduction (Page-9), Mobile Service Delivery (Page-37), The Mobile Services Technologies Landscape (Page-69),IP Centric Mobile networking Power (Page-113), Client Server Platforms for Mobile Services (Page-157), Content Sharing Protocols Vital to Mobile Services (Page-185), J2EE Presentation Layer (Page-225), Uising J2EE for Mobile Services (Page-301), Devices (Page-335), Mobile Application Paradigms (Page-383), The RF Network (Page-449), Mobile locations Services (Page-507),
650 #0 - SUBJECT ADDED ENTRY--TOPICAL TERM
Topical term or geographic name entry element Mobile communication systems.
9 (RLIN) 18556
650 #0 - SUBJECT ADDED ENTRY--TOPICAL TERM
Topical term or geographic name entry element Telecommunication engineering
856 42 - ELECTRONIC LOCATION AND ACCESS
Materials specified Publisher description
Uniform Resource Identifier <a href="http://www.loc.gov/catdir/enhancements/fy0804/2007045746-d.html">http://www.loc.gov/catdir/enhancements/fy0804/2007045746-d.html</a>
856 42 - ELECTRONIC LOCATION AND ACCESS
Materials specified Table of contents only
Uniform Resource Identifier <a href="http://www.loc.gov/catdir/enhancements/fy0804/2007045746-t.html">http://www.loc.gov/catdir/enhancements/fy0804/2007045746-t.html</a>
942 ## - ADDED ENTRY ELEMENTS (KOHA)
Koha item type Reference
Source of classification or shelving scheme
Holdings
Withdrawn status Lost status Source of classification or shelving scheme Damaged status Not for loan Permanent Location Current Location Shelving location Date acquired Full call number Barcode Date last seen Price effective from Koha item type Public note
          Military College of Signals (MCS) Military College of Signals (MCS) Reference 12/12/2016 621.3822,GOL MCS30597 12/08/2016 12/12/2016 Reference Almirah No.22, Shelf No.4
© 2023 Central Library, National University of Sciences and Technology. All Rights Reserved.